000 02238cab a2200517 4500
001 ABS59588
008 090401t1998 xxu||||| |||| 00| 0 eng d
035 _a(Sirsi) u89575
041 _aeng
100 _aTieder, J.B.
245 4 _aThe globalisation of construction - evolving international standards of construction law
260 _c1998
350 _a0
490 _aInternational Construction Law Review
_v15(4) October 1998, 550-606(57)
520 _aDetailed consideration of the evolving standards of international construction law. Reviews the reasons for global construction and the need for commanality of practice and procedure. Discusses the role and influence of international lending institutions; treaties and uniform laws; standard forms of contract in international usage; and the development of, and examples of global law.
650 _aARBITRATION AWARDS
650 _aEDF CONDITIONS
650 _aENAA
650 _aENGINEERING ADVANCEMENT ASSOCIATION OF JAPAN
650 _aEUROPEAN DEVELOPMENT FUND CONTRACT FORMS
650 _aFEDERATION INTERNATIONALE DES INGENIEURS-CONSEILS
650 _aFIDIC CONDITIONS OF CONTRACT
650 _aFORCE MAJEURE
650 _aGLOBAL CONSTRUCTION
650 _aINTERNATIONAL CHAMBER OF COMMERCE UNIFORM RULES FOR CONTRACT GUARANTEE
650 _aINTERNATIONAL CONSTRUCTION LAW
650 _aINTERNATIONAL LENDING INSTITUTIONS
650 _aJCT STANDARD FORMS OF BUILDING CONTRACT
650 _aLATE PAYMENT
650 _aMULTILATERAL TREATIES
650 _aNEC
650 _aNON-PAYMENT
650 _aPHYSICAL CONDITIONS
650 _aPROCUREMENT PROCEDURES
650 _aSTANDARD FORMS OF CONTRACT
650 _aTREATY OF ROME
650 _aUNCITRAL LEGAL GUIDE ON DRAWING UP INTERNATIONAL CONTRACTS
650 _aUNCITRAL MODEL LAW ON THE PROCUREMENT OF GOODS CONSTRUCTION & SERVICES
650 _aUNIDROIT INTERNATIONAL RESTATEMENT OF CONTRACT LAW
650 _aUNITED NATIONS CONVENTION ON CONTRACTS FOR THE INTERNATIONAL SALE OF G
650 _aUNITED NATIONS CONVENTION ON INDEPENDENT GUARANTEES & STAND-BY LETTERS
650 _aWORLD BANK
690 _aBUILT ENVIRONMENT
942 _n0
948 _c10/11/1998
999 _c56684
_d56684